History Quiz

Random History or Capital Quiz

Pick the State of the Former Capital Quiz Stats

 Plays Quiz Updated Sep 20, 2017

Score 0/25 Timer 06:00
0 Plays Today
Question Answer Wrong Answers
Detroit Michigan
95.5%
Louisiana
0.3%
Iowa
0.4%
Wisconsin
0.6%
Philadelphia Pennsylvania
95.4%
Arkansas
0.4%
New Jersey
0.7%
Delaware
0.5%
Iowa City Iowa
94.7%
Minnesota
0.6%
Missouri
1.1%
North Dakota
0.5%
Savannah Georgia
91.9%
North Carolina
1.2%
Virginia
1.1%
South Carolina
2.6%
New Haven Connecticut
90.6%
Delaware
2.5%
Florida
1.2%
Maine
2.4%
Charlestown (Charleston) South Carolina
90.4%
Alabama
1.6%
Maryland
3.9%
Minnesota
0.8%
Portland Maine
88.9%
New Jersey
1.2%
Delaware
1.3%
Washington
5.4%
Knoxville Tennessee
87.7%
Kentucky
7.4%
West Virginia
0.7%
Virginia
0.9%
Williamsburg Virginia
87.7%
Washington
2.4%
Idaho
1.7%
New York
5%
Shreveport Louisiana
85.9%
Arkansas
4.7%
Tennessee
2.4%
West Virginia
3.7%
San Jose California
82.6%
Arizona
1%
New Mexico
8.2%
Texas
5.1%
Tuscaloosa Alabama
80.3%
Mississippi
8.9%
Georgia
2.2%
Tennessee
5.5%
Newport Rhode Island
77.3%
Virginia
14.9%
Alabama
1.1%
Oregon
3.5%
Poughkeepsie New York
76.6%
Pennsylvania
8.7%
Ohio
4.4%
Kentucky
6.9%
Wheeling West Virginia
69%
Ohio
7.1%
Colorado
8.1%
Wyoming
12.3%
Natchez Mississippi
68.4%
Louisiana
18.8%
Georgia
5.3%
Ohio
4%
Saint Charles Missouri
62.1%
South Carolina
13.1%
West Virginia
14.5%
Oregon
6.8%
New Castle Delaware
60.5%
Maryland
16.9%
Pennsylvania
13.9%
New York
5.1%
Zanesville Ohio
56.9%
Indiana
11.9%
Oregon
9.1%
Utah
18.6%
Perth Amboy and Burlington New Jersey
53.1%
New York
8%
New Mexico
3.5%
New Hampshire
31.9%
Guthrie Oklahoma
52.3%
Texas
15.4%
Kansas
15.2%
Nebraska
13.6%
Exeter New Hampshire
42.2%
Massachusetts
25.4%
Rhode Island
9.7%
Vermont
19.6%
New Bern North Carolina
39.4%
North Dakota
24.5%
South Dakota
23.3%
South Carolina
9%
Corydon Indiana
37.1%
Michigan
12.7%
Ohio
18.2%
Minnesota
28.1%
Vandalia Illinois
36.2%
Idaho
30.4%
Indiana
20.3%
Iowa
9.6%

You're not logged in!

Compare scores with friends on all Sporcle quizzes.
OR
Log In

You Might Also Like...

Show Comments

Extras

Top Quizzes Today


Score Distribution

Your Account Isn't Verified!

In order to create a playlist on Sporcle, you need to verify the email address you used during registration. Go to your Sporcle Settings to finish the process.

Report this User

Report this user for behavior that violates our Community Guidelines.

Details: